| 000 | 01109 a2200241 4500 | ||
|---|---|---|---|
| 001 | 39904 | ||
| 005 | 20260407155655.0 | ||
| 008 | 260407a1966 arg spa d | ||
| 003 | AR-UNSa-BCEJYS | ||
| 040 |
_aAR-UNSa-BCEJYS _bspa _cAR-UNSa-BCEJYS |
||
| 080 |
_a657.471.1 _xClases de costos. Costos de producción |
||
| 245 | 1 | 0 |
_aAnálisis estadístico de los costes _pfunciones estadísticas de los costes, problemas de análisis estadístico, verificación del resultado del análisis |
| 264 | 1 |
_aNew York : _bMcGraw-Hill _c1966 |
|
| 300 |
_a266 p. _c22 cm. |
||
| 505 | _a1. Introducción - 2. Hipotesis teóricas acerca de las relaciones entre costes y producción - 3. Problemas de estimación estadística y de procedimiento - 4.Resultados empíricos - 5. Resumen de los estudios empíricos realizados - 6. Análisis de las principales objeciones formuladas. Indice | ||
| 041 | _aspa | ||
| 942 | _cBK | ||
| 590 | _aniveau_biblio:m niveau_hierar:0 | ||
| 100 | 1 | _aJohnston, Jack | |
| 700 | 1 | _aPedrós Abelló, Alejandro | |
| 700 | 1 | _aTorre y de Miguel, Manuel de la | |
| 700 | 1 | _aCompays Pascual, R. | |
| 999 |
_c3137 _d3137 |
||